| Tag |
First Indicator |
Second Indicator |
Subfields |
| LEADER |
00000cam a2200000 i 4500 |
| 001 |
in00004357513 |
| 008 |
200514s2020 ncua b 001 0 eng |
| 005 |
20250318223135.0 |
| 010 |
|
|
|a 2020022354
|
| 019 |
|
|
|a 1147901172
|
| 020 |
|
|
|a 9781469659466
|
| 020 |
|
|
|a 1469659468
|q hardcover
|q alkaline paper
|
| 020 |
|
|
|a 9781469659473
|q paperback
|q alkaline paper
|
| 020 |
|
|
|a 1469659476
|q paperback
|q alkaline paper
|
| 020 |
|
|
|z 9781469659480
|q electronic book
|
| 035 |
|
|
|a (OCoLC)on1147899351
|
| 035 |
|
|
|a (OCoLC)1147899351
|z (OCoLC)1147901172
|
| 040 |
|
|
|a NcU/DLC
|b eng
|e rda
|c DLC
|d OCLCF
|d YDX
|
| 042 |
|
|
|a pcc
|
| 050 |
0 |
0 |
|a PS169.A49
|b R36 2020
|
| 082 |
0 |
0 |
|a 810.9/920693
|2 23
|
| 100 |
1 |
|
|a Rana, Swati,
|e author.
|
| 245 |
1 |
0 |
|a Race characters :
|b ethnic literature and the figure of the American dream /
|c Swati Rana.
|
| 246 |
3 |
0 |
|a Ethnic literature and the figure of the American dream
|
| 264 |
|
1 |
|a Chapel Hill :
|b The University of North Carolina Press,
|c [2020]
|
| 300 |
|
|
|a xiii, 256 pages :
|b illustrations ;
|c 24 cm
|
| 336 |
|
|
|a text
|b txt
|2 rdacontent
|
| 337 |
|
|
|a unmediated
|b n
|2 rdamedia
|
| 338 |
|
|
|a volume
|b nc
|2 rdacarrier
|
| 504 |
|
|
|a Includes bibliographical references and index.
|
| 505 |
0 |
|
|a Reading race and character -- Superman of America vs. Ameen Rihani : the hyperproduction of character -- José Garcia Villa's book of grotesques : character and compulsion -- Many parts of Pocho : the discontinuous characters of José Antonio Villarreal -- Building American character : Dalip Singh Saund's model of minority -- Paule Marshall's Brown girls : structures of character -- The old constellation.
|
| 520 |
|
|
|a "A vexed figure inhabits U.S. literature and culture: the visibly racialized immigrant who disavows minority identity and embraces the American dream. Such figures are potent and controversial for they promise to atone for racial violence and perpetuate an exceptionalist ideal of America. In this book, Swati Rana builds on studies of character and racial form and offers a new way to view characterization through racialization that creates, through literary analysis, a fuller social reading of race"--
|c Provided by publisher.
|
| 650 |
|
0 |
|a American Dream in literature.
|
| 650 |
|
0 |
|a American literature
|x Minority authors.
|
| 650 |
|
0 |
|a Minorities in literature.
|
| 650 |
|
7 |
|a American Dream in literature.
|2 fast
|0 (OCoLC)fst01902351
|
| 650 |
|
7 |
|a American literature
|x Minority authors.
|2 fast
|0 (OCoLC)fst00807213
|
| 650 |
|
7 |
|a Minorities in literature.
|2 fast
|0 (OCoLC)fst01023274
|
| 852 |
8 |
|
|b pda,print
|z This title is available for the library to purchase for your use. Click the "Purchase It For Me" button to place a request. This item may take 5-10 business days to arrive.
|
| 955 |
|
|
|a Print PDA title
|
| 961 |
|
|
|m 565730
|
| 999 |
f |
f |
|s 42a0e84f-6dde-41d0-9a95-9879bbdd2c76
|i 0e87a42e-5791-30e1-8bcf-41345fba4504
|t 0
|
| 952 |
f |
f |
|a Texas A&M University
|b College Station
|c Sterling C. Evans Library
|d Purchase on Demand
|t 0
|e PS169.A49 R36 2020
|h Library of Congress classification
|
| 998 |
f |
f |
|a PS169.A49 R36 2020
|t 0
|l Purchase on Demand
|